00665nam a22002057a 4500003000500000005001700005008004100022010001000063011001000073035001000083040000900093082001400102111009200116245001600208260007300224300002900297650004100326650003500367650005700402CHAP20220329140504.0971013s1986 r 10010 d a52708 a53680 a57830 cCHAP a620.7bW600aWorld Conference on Continuing Engineering Education (d1986c: Lake Buena Vista, Fla.) aProceedings aNew York :bInstitute of Electrical and Electromies Engineers,c1986 a2 v.b: ilus. ; gráfs.14aIngenieríaxEstudio y enseñanza.14aIngenieríaxInvestigación.14aProcesamiento automático de datos en ingeniería.